| 000 | 00370 a2200169 4500 | ||
|---|---|---|---|
| 001 | 184540 | ||
| 020 | _a85-329-0275-8 | ||
| 040 | _cMagnum | ||
| 100 | _aBrandão, Guiomar Paiva | ||
| 240 | 1 | 0 |
_aA semente meio gente _lpor |
| 245 | 1 | 0 | _aA semente meio gente |
| 300 | _a30 | ||
| 362 | 0 | _a1987 | |
| 440 | 1 | _aLê | |
| 697 | _aLITERATURA INFANTO-JUVENIL | ||
| 942 | _cBK | ||
| 999 |
_c184540 _d184540 |
||